000 01267nam a22003857a 4500
999 _c200459948
_d78160
001 000753303
003 TR-AnTOB
005 20240429125851.0
008 240429b ||||| |||| 00| 0 tur d
020 _a9789750505034
040 _aTR-AnTOB
_beng
_cTR-AnTOB
_erda
041 _atur
092 _a500.2 POP 2007
245 0 0 _aIşık, ses ve elektrik /
_cKirsteen Rogers ...[ve başkaları] ; tasarım: Karen Tomlins ...[ve başkaları] ; dijital çizimler: Verinder Bhachu ; dijital görüntüler: Joanne Kirkby ; çeviren: Emel Güçlü.
250 _a1. bsk
260 _aİstanbul :
_bİletişim,
_c2007.
300 _a[64] Pages:
_bill.;
_c28 cm.
336 _2rdacontent
_atext
_btxt
337 _2rdamedia
_aunmediated
_bn
338 _2rdacarrier
_avolume
_bnc
440 0 _aİletişim yayınları ;
_v1230.
_pPopüler bilim kitapları ; 1
500 _aDizin vardır
650 4 _aElektrik
650 4 _aIşık (Fizik)
650 4 _aSes (Fizik)
653 _aışık ses ve elektrik
700 1 _aRogers, Kirsteen
700 1 _aTomlins, Karen
700 1 _aBhachu, Verinder,
_eres.
700 1 _aKirkby, Joanne,
_eres
700 1 _aGüçlü, Emel,
_eçev.
942 _2ddc
_cBK